Championnat italien de football - Serie A - Statistiques

Statistiques générales
  • Ce quiz a été pris 6 459 fois
  • Le résultat moyen est 92 sur 121
Statistiques - réponses
Hint Réponse % Correct
1929-1930 | 1937-1938 | 1939-1940 Ambrosiana Inter
99%
1909-1910 | 1919-1920 | 1952-1953 | +11 others Internazionale
99%
2005-2006 (réaffecté) Internazionale (déclassement Juventus)
99%
1905 | 1908 (Federal non reconnu) | 1909 (Italien non reconnu) | +33 others Juventus
99%
1901 | 1906 | 1907 | +15 others Milan
97%
1941-1942 | 1982-1983 | 2000-2001 Roma
88%
1973-1974 | 1999-2000 Lazio
86%
1986-1987 | 1989-1990 Napoli
81%
1955-1956 | 1968-1969 Fiorentina
65%
1926-1927 (révoqué) | 1927-1928 | 1942-1943 | +5 others Torino
61%
1898 | 1899 | 1900 | +6 others Genoa
51%
1990-1991 Sampdoria
51%
1969-1970 Cagliari
36%
1924-1925 | 1928-1929 | 1935-1936 | +4 others Bologna
27%
1984-1985 Hellas Verona
22%
1943-1944 ( Championnat du nord de l'Italie) Pompiers de La Spezia
14%
1908 | 1909 | 1910-1911 | +5 others Pro Vercelli
8%
1913-1914 Casale
3%
1921-1922 (FIGC) Novese
2%
1915-1919 | 1944-1945 suspendu pour des raisons de guerre
1%
Aucun quiz correspondant
Distribution des résultats
% des personnes avec chaque résultat
Percentile par nombre de réponses
Votre historique - résultats
Vous n’avez pas pris ce quiz